| 000 | 00480nam a2200157Ia 4500 | ||
|---|---|---|---|
| 008 | 231221s9999 xx 000 0 und d | ||
| 041 | _aEnglish | ||
| 082 | _a001.6424C LED; | ||
| 100 | _aLedin, Jim | ||
| 245 | 0 | _aEmbedded control systems in C/C++ : an introduction for software developers using Matlab | |
| 260 |
_c2004 _bCMP Books |
||
| 300 | _axii+239 | ||
| 300 | _c28284 | ||
| 650 | _aEmbedded,control,systems,C/C++,:,an,software,developers,using,Matlab | ||
| 942 | _cCD | ||
| 999 |
_c202885 _d202885 |
||